书目信息 |
| 题名: |
法学概论自学考试题解 新编本
|
|
| 作者: | 吴祖谋 编写 | |
| 分册: | ||
| 出版信息: | 北京 中国政法大学出版社 1999.11 |
|
| 页数: | 363页 | |
| 开本: | 32开 | |
| 丛书名: | ||
| 单 册: | ||
| 中图分类: | D90-44 | |
| 科图分类: | ||
| 主题词: | 法的理论 , 法学 | |
| 电子资源: | ||
| ISBN: | 7-5620-0977-5 | |
| 000 | 00616nam0 2200205 45 | |
| 001 | 0010241948 | |
| 005 | 20001024192035.8 | |
| 010 | @a7-5620-0977-5@d16.00元 | |
| 100 | @a20001024d1999 km y0chiy0120 ea | |
| 101 | 0 | @achi |
| 105 | @a z 000yy | |
| 200 | 1 | @a法学概论自学考试题解 新编本@AFa Xue Gai Lun Zi Xue Kao Shi Ti Jie Xin Bian Ben@f吴祖谋等编写@FWu Zu Mou Deng Bian Xie |
| 210 | @a北京@c中国政法大学出版社@d1999.11 | |
| 215 | @a363页@d32开 | |
| 606 | 0 | @a法的理论 |
| 606 | 0 | @a法学 |
| 690 | @aD90-44@v3 | |
| 701 | 0 | @a吴祖谋@4编写 |
| 801 | @aCN@bPftUser@c20001024 | |
| 905 | @b187127-131@dD90-44@eW544@f5 | |
| 法学概论自学考试题解 新编本/吴祖谋等编写.-北京:中国政法大学出版社,1999.11 |
| 363页;32开 |
| ISBN 7-5620-0977-5:16.00元 |
| ● |
| 相关链接 |
|
|
|
正题名:法学概论自学考试题解新编本
索取号:D90-44/W544
 
预约/预借
| 序号 | 登录号 | 条形码 | 馆藏地/架位号 | 状态 | 备注 |
| 1 | 187127 | 201871279 | 社科库509/509社科库 80排4列3层/ [索取号:D90-44/W544] | 在馆 | |
| 2 | 187128 | 201871288 | 社科库509/509社科库 80排4列3层/ [索取号:D90-44/W544] | 在馆 | |
| 3 | 187129 | 201871297 | 社科库509/509社科库 80排4列3层/ [索取号:D90-44/W544] | 在馆 | |
| 4 | 187130 | 201871304 | 社科库509/509社科库 80排4列3层/ [索取号:D90-44/W544] | 在馆 | |
| 5 | 187131 | 201871313 | 社科库509/509社科库 80排4列3层/ [索取号:D90-44/W544] | 在馆 |